000
00203 a2200097 4500
001
18409
100
_a
Kufner A
245
_a
Fourier series
260
_a
_b
Iliffe book co
_c
1971
090
_c
13669
_d
13669
942
_a
NUST-CAE
_c
M
_c
4079
999
_c
253482
_d
253482